Geography Quiz

Random Geography or Asia Quiz

Asia Populous Cities Quiz Stats

 Plays Quiz Updated Jun 8, 2018

Support Sporcle.
Go Orange.
Score 0/25 Timer 06:00
27 Plays Today
City % Correct
Tokyo, Japan
95.9%
Beijing, China
95.2%
Shanghai, China
84.4%
Mumbai, India
82.9%
Seoul, South Korea
78.8%
Delhi, India
75%
Bangkok, Thailand
74.9%
Jakarta, Indonesia
74.9%
Hong Kong, China
74.3%
Tehran, Iran
70.6%
Manila, Philippines
67.7%
Kuala Lumpur, Malaysia
64.6%
Kolkata, India
62.3%
City % Correct
Osaka-Kobe, Japan
59.7%
Karachi, Pakistan
51.9%
Taipei, Taiwan
48.7%
Dhaka, Bangladesh
48.7%
Nagoya, Japan
37.6%
Lahore, Pakistan
34.6%
Bangalore, India
33%
Guangzhou, China
32.7%
Chennai, India
31.1%
Wuhan, China
21.2%
Tianjin, China
20.3%
Shenzhen, China
17.6%

You're not logged in!

Compare scores with friends on all Sporcle quizzes.
OR
Log In

From the Vault

Erase the USA by Sorted Isogram

by goc3

Prepare for some map mayhem.
Remove Ads.
Support Sporcle.
Get the best of Sporcle when you Go Orange. This ad-free experience offers more features, more stats, and more fun while also helping to support Sporcle. Thank you for becoming a member.

Show Comments

Extras

Top Quizzes Today


Score Distribution

Your Account Isn't Verified!

In order to create a playlist on Sporcle, you need to verify the email address you used during registration. Go to your Sporcle Settings to finish the process.

Report this User

Report this user for behavior that violates our Community Guidelines.

Details: